Statistics for Car Craze #2

Click here to take the quiz!

General Stats

  • This quiz has been taken 6 times
  • The average score is 5 of 6

Answer Stats

HintAnswer% Correct
LaFerrari, LaFerrari Aperta, F8 Tributo, F12TDF, Monza SP1Ferrari
100%
765 LT, Senna GTR, P1 GTR, Elva, Solus GTMcLaren
100%
911 GT3 RS, 911 GT3 RS Clubsport, Carrera GT, 911 GTS Coupe, 935Porsche
100%
Z4 LCI E89, 3.0 CSL Hommage, M4 GTS, M4 GT3, Vision Next 100BMW
83%
Centenario, Veneno, SC18, SC20, SC63Lamborghini
67%
SL55, S550, SLR McLaren, AMG GT S,Vision 111Mercedes-Benz
67%

Score Distribution

Percentile by Number Answered

Percent of People with Each Score

Your Score History

You have not taken this quiz